Central Library and Information Centre
Sibsagar Girls' College, Sivasagar : Assam

HISTORY TO INDIA (Record no. 5347)

MARC details
000 -LEADER
fixed length control field 00357cam a2200157ua 4500
008 - FIXED-LENGTH DATA ELEMENTS--GENERAL INFORMATION
fixed length control field 121224n1990 II |||gr||||Z||||||eng
040 ## - CATALOGING SOURCE
Original cataloging agency MAIN
041 ## - LANGUAGE CODE
-- English
082 ## - DEWEY DECIMAL CLASSIFICATION NUMBER
Classification number 954 MAH
100 ## - MAIN ENTRY--PERSONAL NAME
Personal name MAHAJAN, VIDYADHAR.
245 ## - TITLE STATEMENT
Title HISTORY TO INDIA
260 ## - PUBLICATION, DISTRIBUTION, ETC.
Place of publication, distribution, etc. NEW DELHI
Name of publisher, distributor, etc. S.CHAND & COMPANY
Date of publication, distribution, etc. 1990
300 ## - PHYSICAL DESCRIPTION
Extent 458:
Dimensions 25CM.
942 ## - ADDED ENTRY ELEMENTS (KOHA)
Koha item type Books
Holdings
Withdrawn status Lost status Damaged status Not for loan Collection code Home library Current library Shelving location Date acquired Full call number Barcode Date last seen Copy number Price effective from Koha item type Public note
        REFHIS Central Library and Information Centre Sibsagar Girls College Central Library and Information Centre Sibsagar Girls College Hostel Library 19.06.1995 954 MAH 13455 27.02.2020 1 27.02.2020 Books  
        REFHIS Central Library and Information Centre Sibsagar Girls College Central Library and Information Centre Sibsagar Girls College HISTORY REFERENCE RACK 19.06.1995 954 MAH 13456 27.02.2020 2 27.02.2020 Books V


Sibsagar Girl's College © 2020. All rights reserved.
Powered by Koha.
Maintained by Abhijit Borpuzari.